<?xml version="1.0" encoding="UTF-8"?><?xml-stylesheet type="text/xsl" href="static/style.xsl"?><OAI-PMH xmlns="http://www.openarchives.org/OAI/2.0/" xmlns:xsi="http://www.w3.org/2001/XMLSchema-instance" xsi:schemaLocation="http://www.openarchives.org/OAI/2.0/ http://www.openarchives.org/OAI/2.0/OAI-PMH.xsd"><responseDate>2026-06-03T00:52:11Z</responseDate><request verb="GetRecord" identifier="oai:riuma.uma.es:10630/28913" metadataPrefix="marc">https://riuma.uma.es/rest/oai/request</request><GetRecord><record><header><identifier>oai:riuma.uma.es:10630/28913</identifier><datestamp>2026-02-03T11:25:17Z</datestamp><setSpec>com_10630_2254</setSpec><setSpec>col_10630_37953</setSpec></header><metadata><record xmlns="http://www.loc.gov/MARC21/slim" xmlns:dcterms="http://purl.org/dc/terms/" xmlns:doc="http://www.lyncode.com/xoai" xmlns:xsi="http://www.w3.org/2001/XMLSchema-instance" xsi:schemaLocation="http://www.loc.gov/MARC21/slim http://www.loc.gov/standards/marcxml/schema/MARC21slim.xsd">
   <leader>00925njm 22002777a 4500</leader>
   <datafield ind2=" " ind1=" " tag="042">
      <subfield code="a">dc</subfield>
   </datafield>
   <datafield ind2=" " ind1=" " tag="720">
      <subfield code="a">Negrini, Joao</subfield>
      <subfield code="e">author</subfield>
   </datafield>
   <datafield ind2=" " ind1=" " tag="720">
      <subfield code="a">Mozos, Elena</subfield>
      <subfield code="e">author</subfield>
   </datafield>
   <datafield ind2=" " ind1=" " tag="720">
      <subfield code="a">Escamilla-Sánchez, Alejandro</subfield>
      <subfield code="e">author</subfield>
   </datafield>
   <datafield ind2=" " ind1=" " tag="720">
      <subfield code="a">Pérez, José</subfield>
      <subfield code="e">author</subfield>
   </datafield>
   <datafield ind2=" " ind1=" " tag="720">
      <subfield code="a">Lucena, Rosario</subfield>
      <subfield code="e">author</subfield>
   </datafield>
   <datafield ind2=" " ind1=" " tag="720">
      <subfield code="a">Guerra, Rafael</subfield>
      <subfield code="e">author</subfield>
   </datafield>
   <datafield ind2=" " ind1=" " tag="720">
      <subfield code="a">Ginel, Pedro</subfield>
      <subfield code="e">author</subfield>
   </datafield>
   <datafield ind2=" " ind1=" " tag="260">
      <subfield code="c">2017-06-06</subfield>
   </datafield>
   <datafield ind2=" " ind1=" " tag="520">
      <subfield code="a">Compared with mammals, wound healing in reptiles is characterized by reduced wound contraction and longer healing times. The aim of this study is to describe the clinical and histopathological effects of topical insulin on second-intention healing of experimentally induced wounds in skin without dermal bony plates of Trachemys scripta elegans exposed to daily variations in ambient temperature and in an aquatic environment. Forty-four healthy adult females were assigned to two groups: Group 1 (n = 24) was used to assess clinical features such as wound contraction; Group 2 (n = 20) was used for histological evaluation and morphometric analysis. Topical porcine insulin (5 IU/ml diluted in glycerol) was applied daily 1 week. For each control time (2, 7, 14, 21 and 28 days post-wounding), re-epithelisation and wound remodelling were evaluated histologically and the number of main inflammatory cells (heterophils, macrophages, lymphocytes and fibroblasts) was scored.&#xd;
Results&#xd;
Mean wound contraction was higher in the insulin-treated group at each time point and differences were significant at day 28 (P &lt; 0.0001). Histologically, these clinical findings were associated with better re-epithelisation, inflammatory response, collagen synthesis and remodelling of the wounds. Morphometrically, insulin-treated wounds had significantly higher mean counts of heterophils (day 7), macrophages (days 2, 7 and 14) and fibroblasts (days 14 and 21), whereas lymphocyte counts were significantly lower at day 21. These results demonstrate that topical insulin modifies the inflammatory response of turtle skin up-regulating inflammatory cells at early stages and promoting wound healing.&#xd;
Conclusions&#xd;
Topical insulin is a potentially useful therapy in skin wounds of Trachemys scripta and should be evaluated in non-experimental wounds of turtles and other reptiles.</subfield>
   </datafield>
   <datafield ind1="8" ind2=" " tag="024">
      <subfield code="a">Negrini, J., Mozos, E., Escamilla, A. et al. Effects of topical insulin on second-intention wound healing in the red-eared slider turtle (Trachemys scripta elegans) – a controlled study. BMC Vet Res 13, 160 (2017). https://doi.org/10.1186/s12917-017-1082-8</subfield>
   </datafield>
   <datafield ind1="8" ind2=" " tag="024">
      <subfield code="a">https://hdl.handle.net/10630/28913</subfield>
   </datafield>
   <datafield ind1="8" ind2=" " tag="024">
      <subfield code="a">10.1186/s12917-017-1082-8</subfield>
   </datafield>
   <datafield tag="653" ind2=" " ind1=" ">
      <subfield code="a">Cicatrización</subfield>
   </datafield>
   <datafield ind2="0" ind1="0" tag="245">
      <subfield code="a">Effects of topical insulin on second-intention wound healing in the red-eared slider turtle (Trachemys scripta elegans) – a controlled study</subfield>
   </datafield>
</record>
</metadata></record></GetRecord></OAI-PMH>